000 00988nam a2200265 i 4500
001 105299
003 ES-MaACL
005 20231227175046.0
007 t|
008 060623s1968 sp ||||1| spa d
080 _a75 Carrera, María (083.82)
100 1 _aCarrera, María.
_935629
245 1 0 _aMaría Carrera
_b: [exposición, Festivales de España 1968] /
_c[texto: Marqués de Lozoya].
260 _a[Madrid] :
_bPublicaciones Españolas,
_c[1968]
300 _a[16] p. :
_bil. ;
_c23 cm.
490 1 _aCuadernos de arte. Serie divulgación ;
_v106
600 1 4 _aCarrera, María-
_vExposiciones.
_935630
655 7 _2tgfbne
_9193628
_aCatálogos de exposiciones
700 1 _aLozoya, Juan de Contreras y López de Ayala,
_cMarqués de,
_d1893-1978
_9129112
710 2 _aFestivales de España.
_94125
830 0 _aCuadernos de arte. Serie divulgación ;
_v106
_9184876
852 _aES-MaACL
_j2205-F-23
_bR.137766
942 _2udc
999 _c105299
_d105299